| 000 | 01536nam a2200241Ia 4500 | ||
|---|---|---|---|
| 999 |
_c50070 _d50070 |
||
| 001 | 17008 | ||
| 003 | GE_BSU | ||
| 005 | 20200203143041.0 | ||
| 008 | 181216s2015ge xx |||||||||||||| ||geo|| | ||
| 020 | _a9789941225772 | ||
| 040 | _cGE_BSU | ||
| 041 | _ageo | ||
| 080 | _a070 ს-26 | ||
| 100 |
_aსანიკიძე,იოსებ _96700 |
||
| 245 |
_aჟურნალისტიკის თეორიის ფორმობრივი და შინაარსობრივი საფუძვლები : / _cიოსებ სანიკიძე ; რედ. თემურ ჯაგოდნიშვილი. |
||
| 264 |
_aთბილისი : _bუნივერსალი, _c2015. |
||
| 300 |
_a442 გვ ; _c21 სმ. |
||
| 653 | _aთანამედროვე ჟურნალისტიკის თეორიული საკითხები,კომუნიკაციის ერთ-ერთი უმთავრესი ელემენტის-მედიატექსტის ფორმობრივ-ჟანრობრივი ნიშან-თვისებები. | ||
| 653 | _aჟურნალისტიკა | ||
| 653 | _aჟურნალისტიკის თეორიის ფორმობრივი და შინაარსობრივი საფუძვლები | ||
| 700 |
_a ჯაგოდნიშვილი, თემურ _eრედაქტორი _96701 |
||
| 942 |
_cBK _2udc |
||